000 00607nam a2200205 a 4500
003 PILC
005 20150112093440.0
008 100716s19uu xx 00 eng d
020 _a0582318459
050 _aQA 939
_b.C458 1982
082 _aMSF 510
_bC36 1982
100 _aChannon, JB
_918196
245 _aNew general mathematics 3 /
_cJB Channon ... [et.al.]
260 _aHarlow, Essex, England :
_bLongman Group Limited: Longman House,
_c1982.
300 _a378 pages :
_c18 cm.
650 _aMathematics
_9210
700 _aSmith, A McLeish
_918197
700 _aHead, HC
_918198
942 _2lcc
_cBK
999 _c14714
_d14714